Full Members' Cup Finalists 1986-1992 - Statistics

General Stats
  • This quiz has been taken 9 times
  • The average score is 6 of 14
Answer Stats
Season Winner/Runner Up Finalist % Correct
1989 Winner Nottingham Forest
80%
1992 Winner Nottingham Forest
80%
1987 Runner Up Charlton
60%
1991 Winner Crystal Palace
60%
1989 Runner Up Everton
60%
1991 Runner Up Everton
60%
1986 Runner Up Manchester City
60%
1987 Winner Blackburn
40%
1988 Runner Up Luton
40%
1988 Winner Reading
40%
1986 Winner Chelsea
20%
1990 Runner Up Middlesbrough
20%
1992 Runner Up Southampton
20%
1990 Winner Chlsea
0%
No matching quizzes found
Score Distribution
Percent of People with Each Score
Percentile by Number Answered
Your Score History
You have not taken this quiz